| 000 | 00435nam a2200145 4500 | ||
|---|---|---|---|
| 001 | 113817 | ||
| 003 | ES-MaACL | ||
| 005 | 20230906190018.0 | ||
| 007 | t| | ||
| 008 | 061121s1918 mx r ||||1| spa d | ||
| 100 | 1 |
_aPadilla González, Francisco. _988190 |
|
| 245 | 1 | 0 |
_aPerfiles rojos _b: artículos revolucionarios / _cde Francisco Padilla González. |
| 260 |
_aVeracruz (México) : _b[s.n.], _c1918. |
||
| 852 |
_aES-MaACL _j1571-F-2 |
||
| 999 |
_c113817 _d113817 |
||